[Event "10th EICC"]
[Site "Budva MNE"]
[Date "2009.03.12"]
[Round "7"]
[White "Wells,P"]
[Black "Vojinovic,J"]
[Result "1-0"]
[WhiteElo "2513"]
[BlackElo "2331"]

1.d4 Nf6 2.c4 g6 3.Nc3 Bg7 4.e4 d6 5.Nf3 O-O 6.Be2 e5 7.Be3 Ng4 8.Bg5 f6
9.Bh4 g5 10.Bg3 Nh6 11.dxe5 dxe5 12.Qd5+ Kh8 13.Qxd8 Rxd8 14.h4 g4 15.Nd2 c5
16.O-O-O Nc6 17.Nb3 Nd4 18.Nxc5 b6 19.Nb3 Nxe2+ 20.Nxe2 Ba6 21.Nd2 Rdc8 22.Nc3 Bxc4
23.Nxc4 Rxc4 24.Kb1 a6 25.Rd7 b5 26.a3 Rac8 27.Rhd1 Bf8 28.Nd5 R8c6 29.f3 Kg8
30.h5 Re6 31.Bh4 Rcc6 32.Ne3 gxf3 33.gxf3 Re8 34.Rd8 Kf7  1-0

[Event "10th EICC"]
[Site "Budva MNE"]
[Date "2009.03.14"]
[Round "8"]
[White "Pilaj,H"]
[Black "Kadric,D"]
[Result "1/2-1/2"]
[WhiteElo "2393"]
[BlackElo "1982"]

1.d4 Nf6 2.c4 g6 3.Nc3 Bg7 4.e4 d6 5.Be2 O-O 6.Nf3 e5 7.Be3 h6 8.O-O Ng4
9.Bc1 Nc6 10.d5 Ne7 11.Nd2 f5 12.Bxg4 fxg4 13.b4 a5 14.bxa5 Rxa5 15.Nb3 Ra6
16.c5 g5 17.Be3 Ng6 18.cxd6 cxd6 19.Qc2 Qe8 20.a4 Nh4 21.Nb5 Qf7 22.Rfe1 Bf5
23.Qd3 Bg6 24.Rec1 Nxg2 25.Rc7 Qf3 26.Nd2 Qh3 27.Qf1 Nxe3 28.Qxh3 gxh3 29.fxe3 Rf7
30.Rxf7 Kxf7 31.Nc4 Ke7 32.Nc7 Ra7 33.Nxd6 Kxd6 34.Nb5+ Kc5 35.Rc1+ Kb6 36.Nxa7 Kxa7
37.d6 Bxe4 38.d7 Bf6 39.Rf1 Bd8 40.Rf8 Bb6 41.d8=Q Bxd8 42.Rxd8 Bc6 43.a5 Ka6
44.Rh8 Kxa5 45.Rxh6 Bf3 46.Rxh3 e4 47.Kf2 Kb4 48.Rh7 b5 49.Rc7 g4 50.Ke1 Kb3
51.Kd2 b4 52.Rc1 Kb2 53.Rc2+ Kb3 54.Kc1 Bh1 55.Kd2 Bf3 56.Rc1 Kb2 57.Rc2+ Kb3
58.Kc1  1/2-1/2

[Event "FIDE Women's Grand Prix"]
[Site "Instanbul TUR"]
[Date "2009.03.14"]
[Round "7"]
[White "Zhao Xue"]
[Black "Fierro Baquero,M"]
[Result "1-0"]
[WhiteElo "2508"]
[BlackElo "2403"]

1.d4 Nf6 2.c4 g6 3.Nc3 Bg7 4.e4 d6 5.Be2 O-O 6.Be3 e5 7.Nf3 Ng4 8.Bg5 f6
9.Bc1 exd4 10.Nxd4 f5 11.h3 Nh6 12.exf5 Nxf5 13.Nxf5 Bxf5 14.Be3 Nc6 15.Qd2 Qh4
16.Nd5 Nd4 17.Bd1 Qe4 18.O-O Rf7 19.Rc1 Qd3 20.Re1 Qxd2 21.Bxd2 Nc6 22.Bc3 Ne5
23.Be2 Raf8 24.Rcd1 Be4 25.f3 Bxd5 26.Rxd5 Nc6 27.c5 Bxc3 28.bxc3 dxc5 29.Bb5 Kg7
30.Bxc6 bxc6 31.Rxc5 Rd8 32.Kf2 Rd5 33.Rxc6 Ra5 34.Re2 Rd7 35.h4 Kf7 36.g4 Kg7
37.Kg3 Rf7 38.Re4 Rxa2 39.Rec4 Rd2 40.Rxc7 Rdd7 41.Rxd7 Rxd7 42.Kf4 Re7 43.Ra4 h6
44.c4 Kf7 45.c5 Rc7 46.Ra5 Re7 47.g5 hxg5+ 48.hxg5 Ke8 49.Ra6 Kf7 50.c6 Kg7
51.Ra4 Kf7 52.Rc4 Rc7 53.Ke5 Ke7 54.Kd5 Kd8 55.Kd6 a5 56.Rh4  1-0

[Event "10th EICC"]
[Site "Budva MNE"]
[Date "2009.03.15"]
[Round "9"]
[White "Spiric,I"]
[Black "Gallagher,Jo"]
[Result "1-0"]
[WhiteElo "2255"]
[BlackElo "2480"]

1.d4 d6 2.Nf3 Nf6 3.c4 g6 4.Nc3 Bg7 5.e4 O-O 6.Be2 e5 7.d5 Na6 8.Bg5 h6 9.Bh4 g5
10.Bg3 Nxe4 11.Nxe4 f5 12.Nfd2 fxe4 13.Nxe4 Bf5 14.Bd3 g4 15.f3 Bxe4 16.Bxe4 Nc5
17.Qe2 Nxe4 18.Qxe4 gxf3 19.gxf3 Qd7 20.O-O Rf5 21.Rae1 Raf8 22.Re2 Rg5 23.Rg2 Qh3
24.Rff2 Qh5 25.Rf1 Rf6 26.b3 a6 27.Qe2 Rgf5 28.Rgf2 Rg6 29.Rg2 Qh3 30.Qe4 Bf6
31.Rff2 Kg7 32.Re2 h5 33.f4 h4 34.fxe5 hxg3 35.exf6+ Rfxf6 36.hxg3 Qh6 37.Qe3 Qh3
38.g4 Qh4 39.Qe7+ Kh8 40.Qe8+ Kg7 41.Re7+ Kh6 42.g5+  1-0

[Event "10th EICC"]
[Site "Budva MNE"]
[Date "2009.03.15"]
[Round "9"]
[White "Pogorelov,R"]
[Black "Plenkovic,Z"]
[Result "0-1"]
[WhiteElo "2451"]
[BlackElo "2354"]

1.Nf3 Nf6 2.c4 g6 3.Nc3 Bg7 4.e4 d6 5.d4 O-O 6.Be2 e5 7.d5 a5 8.Bg5 h6 9.Bh4 Na6
10.Nd2 Bd7 11.a3 Qe8 12.b3 Nh7 13.Rb1 h5 14.f3 Bh6 15.O-O Be3+ 16.Kh1 Bc5
17.Qc1 f5 18.exf5 gxf5 19.Bf2 Nf6 20.Bxc5 Nxc5 21.b4 axb4 22.axb4 Na4 23.Nxa4 Rxa4
24.c5 Nxd5 25.cxd6 cxd6 26.Nc4 Qg6 27.Rd1 Be6 28.Rxd5 Bxd5 29.Nb6 Bc6 30.b5 Rh4
31.bxc6 bxc6 32.Qxc6 Qg3 33.h3 Kh8 34.Bc4 e4 35.Qd5 exf3 36.Bf1 Rg8 37.Rb2 Rxh3+
38.Kg1 f2+  0-1

[Event "10th EICC"]
[Site "Budva MNE"]
[Date "2009.03.16"]
[Round "10"]
[White "Scekic,V"]
[Black "Mikavica,M"]
[Result "1/2-1/2"]
[WhiteElo "2084"]
[BlackElo "2211"]

1.c4 Nf6 2.Nf3 g6 3.Nc3 Bg7 4.e4 d6 5.d4 O-O 6.Be2 Nbd7 7.O-O e5 8.d5 a5
9.Qc2 Nc5 10.b3 b6 11.Bb2 Bh6 12.Bc1 Bg7 13.Bb2 Nh5 14.a3 f5 15.Nd2 Nf6 16.b4 Nb7
17.f4 exf4 18.Rxf4 axb4 19.axb4 Rxa1+ 20.Bxa1 Ng4 21.Bxg4 Bd4+ 22.Kh1 fxg4
23.Rxf8+ Qxf8 24.Qd1 Qf6 25.Qf1 Bxc3 26.Qxf6 Bxf6 27.Bxf6 Kf7 28.Bd4 Ke7
29.Kg1 Nd8 30.Kf2 Nf7 31.Ke3 h5 32.c5 bxc5 33.bxc5 dxc5 34.Bxc5+ Kd7 35.Kd4 c6
36.Nc4 cxd5 37.Nb6+ Kd8 38.Nxd5  1/2-1/2

[Event "3rd Georgi Agzamov Mem"]
[Site "Tashkent AZE"]
[Date "2009.03.16"]
[Round "1"]
[White "Volkov,Sergey1"]
[Black "Sabirova,O"]
[Result "1-0"]
[WhiteElo "2627"]
[BlackElo "2192"]

1.d4 Nf6 2.c4 g6 3.Nc3 Bg7 4.e4 d6 5.Be2 O-O 6.Nf3 e5 7.Be3 Na6 8.O-O c6
9.d5 Ng4 10.Bg5 f6 11.Bh4 c5 12.a3 h5 13.Ne1 Nh6 14.f3 Nc7 15.b4 b6 16.Nc2 g5
17.Be1 Kh8 18.Rb1 Ne8 19.Ne3 Rg8 20.Qc2 Bf8 21.Bd2 Ng7 22.g4 cxb4 23.axb4 Bd7
24.b5 Be7 25.Na2 Rc8 26.Qd1 h4 27.Nb4 Nf7 28.Ra1 Ra8 29.Ra3 Qc7 30.Qa1 Nd8
31.Qa2  1-0

[Event "10th EICC"]
[Site "Budva MNE"]
[Date "2009.03.17"]
[Round "11"]
[White "Popov,Val"]
[Black "Plenkovic,Z"]
[Result "1-0"]
[WhiteElo "2561"]
[BlackElo "2354"]

1.d4 Nf6 2.c4 g6 3.Nc3 Bg7 4.e4 d6 5.Nf3 O-O 6.Be2 e5 7.O-O exd4 8.Nxd4 Re8
9.f3 Nc6 10.Be3 Nh5 11.Qd2 f5 12.Nxc6 bxc6 13.c5 d5 14.Bg5 Qd7 15.Rad1 Rb8
16.g4 Nf6 17.exd5 Nxd5 18.Bc4 Bb7 19.h3 Kh8 20.b3 Qf7 21.Nxd5 cxd5 22.Bxd5 Qf8
23.Qf2 Bxd5 24.Rxd5 f4 25.Qd2 Rb5 26.Re1 Reb8 27.Re7 h6 28.Rxg7 Qxg7 29.Bxf4 Re8
30.Bxh6 Qe7 31.Kf1 Rxc5 32.Bg7+ Kg8 33.Rxc5 Qxc5 34.Bh6 Kh7 35.Bf4 Qc6 36.Kf2 Re7
37.h4 Rd7 38.Qe2 Qc5+ 39.Kg2 Re7 40.Qd2 Qb5 41.Be3 Qe5 42.Bf2 Qe2 43.Qa5 c6
44.h5 Rf7 45.hxg6+ Kxg6 46.Qc3 Rf6 47.a3 a6 48.Kg3 Rd6 49.a4 Qd3 50.Qxd3+ Rxd3
51.b4 a5 52.bxa5 Ra3 53.a6 Kf6 54.a7 Rxa4 55.f4 Ke6 56.f5+ Kd6 57.f6 Ke6
58.g5 Kf7 59.Bb6 Kg6  1-0

[Event "10th EICC w"]
[Site "St Petersburg RUS"]
[Date "2009.03.17"]
[Round "9"]
[White "Ovod,E"]
[Black "Chasovnikova,E"]
[Result "1-0"]
[WhiteElo "2430"]
[BlackElo "2302"]

1.d4 Nf6 2.c4 g6 3.Nc3 Bg7 4.e4 d6 5.Nf3 O-O 6.Be2 e5 7.Be3 Ng4 8.Bg5 Qe8
9.dxe5 h6 10.Bh4 Nxe5 11.Nd4 Na6 12.O-O c6 13.f4 Ng4 14.Qd2 Nc5 15.Bf3 a5
16.Rae1 g5 17.Bxg4 gxh4 18.Bxc8 Qxc8 19.Nf5 Qe6 20.Nxd6 Rad8 21.e5 f6 22.f5 Qd7
23.Qe3 fxe5 24.Rd1 b6 25.Nde4 Qe7 26.Rxd8 Qxd8 27.Nxc5 bxc5 28.Qxc5 e4 29.Qxc6 Qd4+
30.Kh1 e3 31.Qe6+ Kh8 32.Re1 Qd2 33.Qxe3 Qxb2 34.Nd5 Rxf5 35.Ne7 Rg5 36.Qf3 Qb4
37.Qa8+ Bf8 38.Qxf8+ Kh7 39.Rf1  1-0

[Event "10th EICC w"]
[Site "St Petersburg RUS"]
[Date "2009.03.19"]
[Round "11"]
[White "Gorbatenko,K"]
[Black "De Seroux,C"]
[Result "1-0"]
[WhiteElo "2071"]
[BlackElo "1928"]

1.d4 Nf6 2.c4 g6 3.Nc3 Bg7 4.e4 d6 5.Nf3 O-O 6.Be2 e5 7.d5 h6 8.h3 Nh7 9.g4 f5
10.gxf5 gxf5 11.exf5 Bxf5 12.Be3 a5 13.Qd2 Qf6 14.Rg1 Kh8 15.Nh2 a4 16.Ng4 Bxg4
17.Ne4 Qh4 18.Rxg4 Qxh3 19.O-O-O Nf6 20.Nxf6 Rxf6 21.Rdg1 Rf7 22.Rg6 a3 23.Bxh6 axb2+
24.Kb1 Bf6 25.Rg8+  1-0

[Event "TCh-AUT 1st Bundesliga 2008-9"]
[Site "Ansfelden AUT"]
[Date "2009.03.20"]
[Round "9"]
[White "Chernin,A"]
[Black "Schweda,R"]
[Result "1/2-1/2"]
[WhiteElo "2593"]
[BlackElo "2420"]

1.d4 Nf6 2.c4 d6 3.Nc3 Nbd7 4.e4 e5 5.Nf3 g6 6.Be2 Bg7 7.O-O O-O 8.Qc2 c6
9.d5 Ne8 10.Rd1 c5 11.Bg5 f6 12.Bh4 h5 13.h3 Bh6 14.Ne1 Qe7 15.Nd3 Ng7 16.g4 Bf4
17.Kg2 Qf7 18.Rh1 f5 19.exf5 gxf5 20.g5 Qe7 21.Nxf4 exf4 22.f3 Ne5 23.Bd3 Ng6
24.Qf2 Bd7 25.Rae1 Qf7 26.Nd1 Rfe8 27.Rxe8+ Rxe8 28.Re1 Re5 29.Re2 Qe7 30.Kf1 Kf7
31.Qe1 Ne8 32.Bf2 Qxg5 33.h4 Qe7 34.b3 b6 35.Qd2 Nf6 36.Nc3 Kg7 37.Re1  1/2-1/2

[Event "TOP 16 GpA"]
[Site "Mulhouse FRA"]
[Date "2009.03.20"]
[Round "1"]
[White "Guichard,P"]
[Black "Relange,E"]
[Result "1/2-1/2"]
[WhiteElo "2268"]
[BlackElo "2482"]

1.d4 Nf6 2.c4 g6 3.Nc3 Bg7 4.e4 O-O 5.Nf3 d6 6.Be2 e5 7.O-O c6 8.Bg5 h6 9.Bh4 Na6
10.dxe5 dxe5 11.Nxe5 Nc5 12.Nxc6 bxc6  1/2-1/2

[Event "Tancats de la Societat Coral C IM"]
[Site "Sabadell ESP"]
[Date "2009.03.20"]
[Round "9"]
[White "Gual Pascual,A"]
[Black "Gonzalez Rodriguez,JA"]
[Result "1/2-1/2"]
[WhiteElo "2447"]
[BlackElo "2407"]

1.d4 g6 2.c4 Bg7 3.Nc3 d6 4.e4 Nd7 5.Nf3 e5 6.Be2 Ngf6 7.O-O O-O 8.Re1 Re8
9.Bf1 c6 10.Rb1 Qe7 11.d5  1/2-1/2

[Event "Spring Open"]
[Site "Belgrade SRB"]
[Date "2009.03.21"]
[Round "1"]
[White "Djokic,Nen"]
[Black "Tausanov,M"]
[Result "1-0"]
[WhiteElo "2350"]
[BlackElo "1931"]

1.d4 Nf6 2.Nf3 g6 3.c4 Bg7 4.Nc3 O-O 5.e4 d6 6.Be2 e5 7.Be3 Nc6 8.d5 Ne7
9.Nd2 Nd7 10.b4 a5 11.bxa5 f5 12.Nb3 Nf6 13.f3 Nh5 14.O-O Kh8 15.c5 f4 16.Bf2 Ng8
17.Qd2 Qg5 18.g4 Nhf6 19.h4 Qh6 20.cxd6 cxd6 21.Kg2 g5 22.Rh1 gxh4 23.Rxh4 Qg6
24.Rah1 Bh6 25.Qd3 Bg5 26.R4h2 Kg7 27.Kf1 Bd7 28.Bh4 Rfc8 29.Bxg5 Qxg5 30.Nb5 Bxb5
31.Qxb5 Rc7 32.Qb6 Rd7 33.Bb5 Rdd8 34.Nd2 Rac8 35.Nc4 h6 36.Nxd6 Rc1+ 37.Ke2 Nxg4
38.Rxc1 Rxd6 39.Qc7+ Kh8 40.Rg1  1-0

[Event "Spring Open"]
[Site "Belgrade SRB"]
[Date "2009.03.21"]
[Round "1"]
[White "Maksimovic,Mir"]
[Black "Kovacevic,Bor"]
[Result "1-0"]
[WhiteElo "2269"]
[BlackElo "1882"]

1.c4 Nf6 2.Nc3 g6 3.e4 d6 4.d4 Bg7 5.Nf3 O-O 6.Be2 e5 7.d5 a5 8.Bg5 Na6 9.O-O Bd7
10.Nd2 h6 11.Bh4 Qb8 12.a3 Nh7 13.Rb1 Nc5 14.b4 axb4 15.axb4 Na4 16.Qc2 h5
17.f3 Bh6 18.Bf2 Qd8 19.c5 Qg5 20.Nc4 Qe7 21.Ra1 Nxc3 22.Qxc3 f5 23.cxd6 cxd6
24.Rxa8 Rxa8 25.Nb6 Rb8 26.Qc7 Rd8 27.Bb5 Nf8 28.Nxd7 Nxd7 29.Bb6 Kf7 30.Qxd8 Be3+
31.Kh1 Nxb6 32.Qh8 f4 33.Ra1 Qf8 34.Qh7+ Qg7 35.Qxg7+ Kxg7 36.Ra7 Kf8 37.Rxb7 Bd4
38.g3 Be3 39.Kg2 Bd4 40.Kh3  1-0

[Event "TCh-BEL 2008-9"]
[Site "Belgium BEL"]
[Date "2009.03.22"]
[Round "11"]
[White "Van der Stricht,G"]
[Black "David,Alb"]
[Result "1-0"]
[WhiteElo "2380"]
[BlackElo "2585"]

1.d4 Nf6 2.c4 g6 3.Nc3 Bg7 4.e4 d6 5.Be2 O-O 6.Nf3 e5 7.O-O Nbd7 8.Be3 Re8
9.d5 Nh5 10.g3 Bf8 11.b4 Ng7 12.a4 a5 13.bxa5 Rxa5 14.Nd2 f5 15.Nb3 Ra8 16.a5 Be7
17.Qd2 Nf6 18.f3 fxe4 19.fxe4 Bh3 20.Rf2 Ng4 21.Bxg4 Bxg4 22.c5 Qd7 23.Qd3 Nh5
24.c6 bxc6 25.dxc6 Qxc6 26.Nd5 Bd8 27.a6 Be6 28.Rc2 Qd7 29.Na5 Rf8 30.Bh6 Rf7
31.Nc6 Nf6 32.Nxf6+ Bxf6 33.a7 Bg7 34.Bd2 Rff8 35.Rb1 h5 36.Rb8 Kh7 37.Be3 Bh3
38.Rc1 Qf7 39.Qe2 d5 40.Bc5 Rc8 41.Qf2 Qd7 42.exd5 Qg4 43.Qc2 e4 44.Re1 e3
45.Rxe3 Qg5 46.Re7 Qf6 47.Qd1 Bg4 48.Qe1  1-0

[Event "Spring Open"]
[Site "Belgrade SRB"]
[Date "2009.03.22"]
[Round "2"]
[White "Djurdjevic,P2"]
[Black "Ivanovic,N"]
[Result "0-1"]
[WhiteElo "1993"]
[BlackElo "2225"]

1.d4 Nf6 2.c4 g6 3.Nc3 Bg7 4.e4 d6 5.Nf3 O-O 6.Be2 e5 7.d5 a5 8.h3 Na6 9.Be3 Nc5
10.Nd2 Ne8 11.g4 f5 12.f3 Bh6 13.Bf2 Nf6 14.Rg1 Bxd2+ 15.Qxd2 fxe4 16.Bxc5 exf3
17.Bxf3 dxc5 18.O-O-O Ne8 19.Be2 Nd6 20.Qe3 Qe7 21.Rgf1 Rxf1 22.Rxf1 b6 23.Ne4 Nxe4
24.Qxe4 Rb8 25.Bd3 Bd7 26.Re1 Re8 27.Kc2 Qh4 28.Re3 Qf2+ 29.Re2 Qf4 30.Qg2 Rf8
31.Re4 Qg5 32.Re2 Rf4 33.Be4 Qf6 34.b3 Kg7 35.Rd2 h5 36.gxh5 Rxe4 37.Rf2 Rf4
38.Rxf4 exf4  0-1

[Event "Magistral"]
[Site "Mar de Ajo ARG"]
[Date "2009.03.24"]
[Round "2"]
[White "Rodriguez,JL"]
[Black "Diamant,A"]
[Result "1-0"]
[WhiteElo "2393"]
[BlackElo "2472"]

1.Nf3 g6 2.d4 Nf6 3.c4 Bg7 4.Nc3 O-O 5.e4 d6 6.Be2 e5 7.O-O Na6 8.Re1 Qe7
9.Bg5 c6 10.c5 Bg4 11.cxd6 Qxd6 12.Nxe5 Bxe2 13.Rxe2 Nc7 14.Nxf7 Qe6 15.Ne5 c5
16.Nf3 cxd4 17.Nxd4 Qg4 18.Be3 Nh5 19.Rd2 Qh4 20.Nf3 Qg4 21.Ng5 Qxd1+ 22.Raxd1 h6
23.Rd7 Bxc3 24.bxc3 Rac8 25.Nh7 Rf7 26.Rxf7 Kxf7 27.g4 Nf6 28.Nxf6 Kxf6 29.Rd7 Ke5
30.Bxh6 Kxe4 31.Rd4+ Kf3 32.Rf4+ Ke2 33.Rc4 Kd3 34.Rc5 b6 35.Rc6 Ke4 36.c4 Kf3
37.h3 a5 38.a4 g5 39.Bxg5 Rg8 40.Be3 Na6 41.Rf6+ Ke2 42.Bxb6 Nb4 43.Bxa5 Nc2
44.Bb6 Rh8 45.Kg2 Ne1+ 46.Kg3 Nd3 47.a5 Kf1 48.Rd6 Ne5 49.Bd4  1-0

[Event "Open B"]
[Site "Zagreb CRO"]
[Date "2009.03.25"]
[Round "5"]
[White "Soldo,R"]
[Black "Stipic,B"]
[Result "1-0"]
[WhiteElo "2174"]
[BlackElo "2097"]

1.Nf3 Nf6 2.c4 g6 3.Nc3 Bg7 4.e4 d6 5.d4 O-O 6.Be2 Nbd7 7.O-O e5 8.Be3 Re8
9.d5 Nh5 10.Ne1 Nf4 11.Bf3 g5 12.g3 Ng6 13.Nd3 Nb6 14.b3 Bh3 15.Bg2 Bxg2
16.Kxg2 Bf8 17.c5 dxc5 18.Nxc5 Rb8 19.Qe2 a6 20.Rac1 Bxc5 21.Bxc5 Nc8 22.Rc2 Nd6
23.Rfc1 Kg7 24.Nd1 Qf6 25.Bb4 Nb5 26.Bc5 Nd6 27.a4 Ne7 28.Qe3 Qg6 29.Kg1 h6
30.f3 c6 31.Qc3 Qf6 32.Ne3 cxd5 33.Ng4 Qe6 34.Nxe5 f6 35.Ng4 Ng8 36.e5 f5
37.exd6+ Kg6 38.Nf2 Rbc8 39.a5 Nf6 40.b4 h5 41.Qd4 Nd7 42.Nd3  1-0

[Event "Open A"]
[Site "Zagreb CRO"]
[Date "2009.03.27"]
[Round "7"]
[White "Djurovic,G"]
[Black "Brigljevic,M"]
[Result "1/2-1/2"]
[WhiteElo "2279"]
[BlackElo "2294"]

1.Nf3 Nf6 2.c4 g6 3.Nc3 Bg7 4.e4 d6 5.d4 O-O 6.Be2 e5 7.O-O Nbd7 8.Re1 c6
9.Bf1 a5 10.dxe5 dxe5 11.Na4 Qe7 12.Qc2 Nc5 13.Nxc5 Qxc5 14.Be3 Qe7 15.c5 Bg4
16.Nd2 Be6 17.f3 Nd7 18.Nc4 Bxc4 19.Bxc4 Rfd8 20.Bb3 Nf8 21.Red1 Bf6 22.Rxd8 Rxd8
23.Rd1 Bg5 24.Bf2 Rxd1+ 25.Qxd1 Nd7 26.Qc2 Qf8 27.Qc3 Be7 28.Qxa5 Nxc5 29.Qc3 Nxb3
30.Qxb3 Qd8 31.g3 Qd7 32.a4 h5 33.Kg2 Qd2 34.Qc3 Qxc3 35.bxc3 Ba3 36.g4 Kg7
37.Bh4 Bb2 38.c4 f6 39.Kf1 Bd4 40.Ke2 Kf7 41.Kd3 Ke6 42.h3 g5 43.Be1 h4 44.Bb4 Bb6
45.Kc2 c5 46.Bd2 Bd8 47.Kb3 Kd6 48.a5 Kc6 49.Ka4 Bc7 50.Be1 Bd8 51.Bc3 Bc7
52.Kb3 Bd8 53.Kc2 Kd6 54.Kd3 Ke6 55.Kc2 Kd6 56.Kd3 Ke6  1/2-1/2

[Event "TCh-NED 2008-9"]
[Site "Netherlands NED"]
[Date "2009.03.28"]
[Round "7"]
[White "Wiersma,E"]
[Black "Visser,Y"]
[Result "1-0"]
[WhiteElo "2419"]
[BlackElo "2483"]

1.d4 Nf6 2.c4 g6 3.Nc3 Bg7 4.e4 d6 5.Nf3 O-O 6.Be2 Na6 7.O-O e5 8.Be3 h6
9.Rb1 Qe8 10.dxe5 dxe5 11.Nd2 Qe6 12.b4 c6 13.b5 Nc7 14.bxc6 Qxc6 15.Nd5 Kh7
16.Ne7 Qe6 17.Nxc8 Qxc8 18.Qb3 Ne6 19.Qxb7 h5 20.Qxc8 Rfxc8 21.Rb7 Kg8 22.Rfb1 Bf8
23.f3 Nc5 24.Bxc5 Bxc5+ 25.Kf1 Ne8 26.Nb3 Bf8 27.c5 a5 28.Bc4 Nd6 29.cxd6 Rxc4
30.d7 Rd8 31.Nxa5 Rc2 32.Rd1 Be7 33.a4 Ra8 34.Nb3 Bd8 35.Rb5  1-0

[Event "Open A"]
[Site "Zagreb CRO"]
[Date "2009.03.28"]
[Round "8"]
[White "Vukic,R"]
[Black "Armanda,I"]
[Result "1/2-1/2"]
[WhiteElo "2340"]
[BlackElo "2326"]

1.Nf3 Nf6 2.c4 g6 3.Nc3 Bg7 4.e4 d6 5.d4 O-O 6.Be2 e5 7.d5 a5 8.h3 Na6 9.Bg5 Qe8
10.Nd2 Kh8 11.g4 Ng8 12.Be3 f5 13.gxf5 gxf5 14.Bh5 Qe7 15.exf5 Bxf5 16.Nde4 Bh6
17.Bxh6 Nxh6 18.Qe2 Bxe4 19.Nxe4 Rf4 20.O-O-O Rxe4 21.Qxe4 Qg5+ 22.f4 Qxh5
23.fxe5 Qxe5 24.Qxe5+ dxe5 25.d6 cxd6 26.Rxd6 Nf5 27.Rd7 Nc5 28.Rd5 b6 29.Kb1 Ne3
30.Rxe5 Nxc4 31.Re7 Nd2+ 32.Kc2 Nf3 33.Rd1 Rc8 34.Kb1 Nh4 35.Ra7 Nf5 36.Rf7 Ng7
37.Rg1 Rg8 38.a3 a4 39.Rf4 Rd8 40.Rb4 Rd6 41.Rbg4 Rd7 42.Kc2 h5 43.Rg6 Nf5
44.Rxb6 h4 45.Rg5 Nb3 46.Kc3 Nbd4 47.Kb4 Ra7 48.Rg4 Kh7 49.Kc3 Rc7+ 50.Kd3 Rd7
51.Kc3 Rc7+ 52.Kb4 Ra7 53.Rg5 Nc2+ 54.Kc5 Ncd4 55.Kc4 Re7 56.Rf6 Re5 57.Kb4 Re4
58.Ka5 Rf4 59.Rgg6 Nb3+ 60.Kb6 Rf2 61.Kb5 Rxb2 62.Kxa4 Nc5+ 63.Ka5 Nb7+ 64.Ka6 Rb3
65.Rg5 Nc5+ 66.Ka5 Nb7+ 67.Ka4 Nc5+ 68.Ka5 Nb7+  1/2-1/2

[Event "Spring Open"]
[Site "Belgrade SRB"]
[Date "2009.03.29"]
[Round "7"]
[White "Fustar,J"]
[Black "Tausanov,M"]
[Result "0-1"]
[WhiteElo "1784"]
[BlackElo "1931"]

1.d4 Nf6 2.c4 g6 3.Nc3 Bg7 4.e4 d6 5.Nf3 O-O 6.Be2 e5 7.d5 a5 8.Bg5 h6 9.Bh4 Qe8
10.Nd2 Na6 11.O-O Nh7 12.a3 g5 13.Bg3 f5 14.Bh5 Qe7 15.exf5 Bxf5 16.Bf3 Nf6
17.Nde4 Nxe4 18.Nxe4 g4 19.Bxg4 Bxe4 20.Be6+ Kh7 21.Qg4 Bg6 22.f4 exf4 23.Bxf4 Nc5
24.h4 Nxe6 25.dxe6 Bf5 26.Qg3 Qf6 27.Rfe1 Qg6  0-1

[Event "Spring Open"]
[Site "Belgrade SRB"]
[Date "2009.03.29"]
[Round "7"]
[White "Djokic,Nen"]
[Black "Grubisic,Il"]
[Result "1/2-1/2"]
[WhiteElo "2350"]
[BlackElo "2265"]

1.d4 Nf6 2.Nf3 g6 3.c4 Bg7 4.Nc3 O-O 5.e4 d6 6.Be2 e5 7.Be3 Nbd7 8.O-O h6
9.d5 Ng4 10.Bd2 f5 11.g3 f4 12.Nh4 g5 13.Nf5 Ngf6 14.b4 Nxe4 15.Nxh6+ Bxh6
16.Nxe4 Nf6 17.Bd3 Nxe4 18.Bxe4 g4 19.Kh1 Qf6 20.f3 fxg3 21.hxg3 Bxd2 22.Qxd2 Bf5
23.Kg1 Bxe4 24.fxe4 Qg6 25.Qe3 b6 26.Rxf8+ Rxf8 27.Rf1 Rxf1+ 28.Kxf1 Qh5
29.Kg2 Qg6 30.a4 Qf6 31.a5 Qg6 32.axb6 axb6 33.Kf2 Qh5 34.Ke1 Qh1+ 35.Kd2 Qb1
36.Qg5+ Kf7 37.Qf5+ Ke7 38.Qe6+ Kd8 39.Qg8+ Ke7 40.Qg5+ Ke8 41.Qxg4 Qxb4+
42.Ke3 Qxc4 43.Qg6+ Kd8 44.g4 Qc3+ 45.Ke2 Qc2+ 46.Kf3 Qd3+ 47.Kg2 Qe2+ 48.Kg3 Qe3+
49.Kg2 Qe2+ 50.Kh3 Qf3+ 51.Kh4 Qf2+ 52.Kh5 Qh2+ 53.Kg5 Qf4+  1/2-1/2

[Event "Open"]
[Site "Reykjavik ISL"]
[Date "2009.03.29"]
[Round "6"]
[White "Ris,R"]
[Black "Maze,S"]
[Result "0-1"]
[WhiteElo "2436"]
[BlackElo "2579"]

1.d4 Nf6 2.Nf3 g6 3.c4 Bg7 4.Nc3 O-O 5.e4 d6 6.Be2 e5 7.O-O Na6 8.Re1 Qe8
9.Bf1 Bg4 10.d5 Nb4 11.Be2 a5 12.h3 Bd7 13.a3 Na6 14.b3 Nc5 15.Nd2 Bh6 16.Qc2 Nh5
17.Bxh5 gxh5 18.Nf1 Bxc1 19.Raxc1 a4 20.b4 Nb3 21.Rcd1 Nd4 22.Qc1 f5 23.exf5 Nxf5
24.Rd3 Qg6 25.f4 exf4 26.Qxf4 h4 27.Qg4 Rae8 28.Qxg6+ hxg6 29.Rxe8 Bxe8 30.b5 b6
31.Nxa4 g5 32.Nc3 Bg6 33.Rd2 Ng3 34.Rf2 Rxf2 35.Kxf2 Nxf1 36.Kxf1 Bd3+ 37.Kf2 Kg7
38.c5 dxc5 39.a4 Kf7 40.d6 cxd6 41.Nd5 Ke6 42.Nxb6 c4 43.Ke3 Bf1 44.a5 c3
45.a6 Bxg2 46.Nc4 g4 47.b6 Kd7 48.Na3 gxh3 49.Kf2 Kc8 50.Kg1 Be4  0-1

[Event "Bundesliga 2008-9"]
[Site "Werder Bremen GER"]
[Date "2009.03.29"]
[Round "15"]
[White "Thinius,M"]
[Black "Richter,Ch"]
[Result "1-0"]
[WhiteElo "2421"]
[BlackElo "2403"]

1.d4 Nf6 2.Nf3 g6 3.c4 Bg7 4.Nc3 O-O 5.e4 d6 6.Be2 Na6 7.O-O e5 8.Be3 Qe8
9.h3 exd4 10.Bxd4 c6 11.Re1 Qe7 12.Bf1 Rd8 13.Qc2 Nc5 14.Rad1 Ne6 15.Be3 Nd7
16.Nd4 Ndc5 17.Nf5 gxf5 18.exf5 Qh4 19.fxe6 Bxe6 20.b4 Na6 21.a3 h6 22.Ne4 Bf5
23.Bd3 d5 24.cxd5 cxd5 25.Ng3 Bxd3 26.Qxd3 Nc7 27.Nf5 Qc4 28.Bxh6 Qxd3 29.Rxd3 Bxh6
30.Nxh6+ Kf8 31.Nf5  1-0

[Event "Spring Open"]
[Site "Belgrade SRB"]
[Date "2009.03.30"]
[Round "8"]
[White "Djurdjevic,P2"]
[Black "Kovacevic,Bor"]
[Result "1-0"]
[WhiteElo "1993"]
[BlackElo "1882"]

1.Nf3 Nf6 2.c4 g6 3.Nc3 Bg7 4.e4 d6 5.d4 O-O 6.Be2 e5 7.d5 a5 8.h3 Kh8 9.g4 Na6
10.Be3 Qe7 11.Nd2 c6 12.h4 Ne8 13.h5 Nec7 14.Nf1 Bd7 15.Qd2 Qe8 16.Bh6 Rg8
17.Bg5 f6 18.Be3 Qf7 19.hxg6 Qxg6 20.f3 Ne8 21.Ng3 Bf8 22.Kf2 Nec7 23.Rh5 c5
24.Rah1 Rg7 25.Rh6 Qf7 26.R6h5 Qg6 27.a4 b6 28.b3 Nb4 29.Nf5 Bxf5 30.exf5 Qe8
31.Ne4 Qf7 32.Bd1 Be7 33.Ke2 Ra7 34.Qe1 Ne8 35.Bh6 Rg8 36.Qf2 Bf8 37.Be3 Rg7
38.R1h3 Be7 39.Qh2 Bd8 40.R3h4 Rb7 41.Qh3 Rc7 42.Rh6 Ra7 43.R4h5 Rc7 44.g5 fxg5
45.Bxg5 Bxg5 46.Nxg5 Qg8 47.Qh4 Rcf7 48.f6 Rxg5 49.Rxg5 Qf8 50.Rgh5 Qg8  1-0

[Event "Victor Ciocaltea Mem"]
[Site "Bucharest ROM"]
[Date "2009.04.01"]
[Round "10"]
[White "Shishkin,Va UKR"]
[Black "Erdogdu,M"]
[Result "1-0"]
[WhiteElo "2493"]
[BlackElo "2460"]

1.d4 Nf6 2.c4 g6 3.Nc3 Bg7 4.e4 d6 5.Be2 O-O 6.Nf3 e5 7.Be3 Ng4 8.Bg5 f6
9.Bh4 Nc6 10.d5 Ne7 11.Nd2 Nh6 12.f3 c5 13.dxc6 bxc6 14.b4 Kh8 15.Nb3 Nf7
16.Bf2 f5 17.O-O Bh6 18.a4 a5 19.Nxa5 Rb8 20.Rb1 Be6 21.c5 d5 22.Nxc6 Nxc6
23.exd5 Bxd5 24.Nxd5 Nd4 25.Bxd4 exd4 26.Qxd4+ Bg7 27.Qd1 Re8 28.Bb5 Re5
29.Nb6 Qh4 30.Nd7 Rd8 31.g3 Qh3 32.Nxe5 Bxe5 33.Qe2 f4 34.gxf4 Bxf4 35.Rbd1 Rf8
36.Rd5 Kg7 37.Bd7 Qh4 38.Qb2+ Kh6 39.Qf2 Qf6 40.c6 Ne5 41.Kh1 Nc4 42.Re1 Bc7
43.Rd4 Ne5 44.Qh4+ Kg7 45.Qxf6+ Rxf6 46.f4  1-0

[Event "10th TCh-RUS w"]
[Site "Dagomys RUS"]
[Date "2009.04.03"]
[Round "2"]
[White "Matveeva,S"]
[Black "Paehtz,E"]
[Result "0-1"]
[WhiteElo "2410"]
[BlackElo "2459"]

1.d4 Nf6 2.c4 g6 3.Nf3 Bg7 4.Nc3 O-O 5.e4 d6 6.Be2 Nbd7 7.O-O e5 8.Re1 Re8
9.Bf1 a5 10.b3 exd4 11.Nxd4 Nc5 12.f3 c6 13.Be3 Bd7 14.Qd2 Qc7 15.Rad1 Rad8
16.Kh1 Bc8 17.Qf2 Qe7 18.Nde2 Nfd7 19.Bd4 Ne5 20.Nf4 Qg5 21.g3 h5 22.Ng2 Qf6
23.f4 Ned3 24.Bxd3 Qxd4 25.Qxd4 Bxd4 26.Ne2 Bg7 27.Bb1 Nxe4 28.Kg1 Bg4 29.Bd3 Re6
30.Bxe4 Rxe4 31.Kf2 Rde8 32.Rd2 d5 33.cxd5 cxd5 34.Ng1 Rxe1 35.Nxe1 Bc3 36.Nef3 Bxd2
37.Nxd2 Bd1  0-1

[Event "Open"]
[Site "Las Palmas ESP"]
[Date "2009.04.05"]
[Round "1"]
[White "Santana Benitez,R"]
[Black "Barrio Pareja,E"]
[Result "0-1"]
[WhiteElo "1466"]
[BlackElo "2061"]

1.d4 Nf6 2.c4 g6 3.Nc3 Bg7 4.Nf3 O-O 5.e4 d6 6.Be2 Nbd7 7.O-O e5 8.Be3 Ng4
9.Ne1 Nxe3 10.fxe3 c6 11.Rc1 exd4 12.exd4 Qb6 13.Nc2 Re8 14.b3 Nf8 15.Ne3 Bxd4
16.Kh1 Bxe3 17.Rc2 Qd4 18.Bd3 Bg4 19.Qxg4 Qxd3 20.Qf3 Re7 21.Re2 Qxc3 22.Rxe3 Qe5
23.Qf2 Ne6 24.Rf3 Ng5 25.Rf6 Nxe4  0-1

[Event "Arnold Eikrem Memorial"]
[Site "Oslo NOR"]
[Date "2009.04.05"]
[Round "2"]
[White "Ogaard,L"]
[Black "Trygstad,K"]
[Result "1/2-1/2"]
[WhiteElo "2403"]
[BlackElo "2314"]

1.d4 Nf6 2.c4 g6 3.Nc3 Bg7 4.e4 d6 5.Be2 O-O 6.Nf3 e5 7.O-O Na6 8.Be3 Ng4
9.Bg5 Qe8 10.h3 h6 11.Bc1 exd4 12.Nxd4 Nf6 13.Bf3 Nh7 14.Re1 Ng5 15.Be3 c6
16.h4 Nxf3+ 17.Qxf3 Qe7 18.Qf4 Nc5 19.Rad1 Be5 20.Qxh6 Bg7 21.Qf4 Be5 22.Qg5 Bf6
23.Qg3 Bxh4 24.Qf4 Ne6 25.Nxe6 Bxe6 26.Rxd6 Qf6 27.Qh6 Qh8 28.Qxh8+ Kxh8
29.c5 Be7 30.Rd2 Rad8 31.Red1 Rxd2 32.Rxd2 Rd8 33.Rxd8+ Bxd8 34.Bd4+ Kg8
35.f3 Ba5 36.b3 Bxc3 37.Bxc3 Kf8 38.Bf6 a5 39.Kf2 a4 40.bxa4 Bxa2 41.Ke3 Bb3
42.a5 Ke8 43.Kd4 Kd7 44.Ke5 Bc4 45.Bh4 Bf1 46.g3 Be2 47.f4  1/2-1/2